000 00320nam a2200133Ia 4500
005 20251222151341.0
008 251222s9999||||xx |||||||||||||| ||spa||
020 _a8474541891
082 _a863.62/S38
100 _aSender, Ramón J.
245 0 _aRéquiem por un Campesino Español
264 _bDestino
942 _cLIB
999 _c24489
_d24489